[Event "Wch U10"]
[Site "Porto Carras"]
[Date "2015.11.01"]
[Round "7"]
[White "Oglaza, Oskar"]
[Black "Medina, Benjamin R"]
[Result "1-0"]
[WhiteElo "2118"]
[BlackElo "1826"]
[PlyCount "57"]
[EventDate "2015.10.26"]
[EventType "swiss"]
[EventRounds "11"]
[EventCountry "GRE"]
[SourceTitle "CBM 169 Extra"]
[Source "ChessBase"]
[SourceDate "2015.12.18"]
[SourceVersion "1"]
[SourceVersionDate "2015.12.18"]
[SourceQuality "1"]

1. e4 c6 2. d4 d5 3. e5 Bf5 4. Nc3 e6 5. g4 Bg6 6. Nge2 c5 7. h4 h6 8. Be3 Nc6 9. dxc5 Nxe5 10. Nd4 Nf6 11. Bb5+ Ned7 12. Qe2 a6 13. Bxd7+ Nxd7 14. f4 Be7 15. f5 e5 16. fxg6 Bxh4+ 17. Kd2 0-0 18. Nf5 d4 19. Nxh4 Nxc5 20. Raf1 dxc3+ 21. Kc1 cxb2+ 22. Kb1 Ne4 23. Qc4 Nd6 24. Qb3 Rc8 25. gxf7+ Rxf7 26. Rxf7 Nxf7 27. g5 Qc7 28. g6 Qc6 29. Rf1 1-0

[Event "Wch U10"]
[Site "Porto Carras"]
[Date "2015.10.31"]
[Round "6"]
[White "Medina, Benjamin R"]
[Black "Chinguun, Sumiya"]
[Result "1-0"]
[WhiteElo "1826"]
[BlackElo "2067"]
[PlyCount "91"]
[EventDate "2015.10.26"]
[EventType "swiss"]
[EventRounds "11"]
[EventCountry "GRE"]
[SourceTitle "CBM 169 Extra"]
[Source "ChessBase"]
[SourceDate "2015.12.18"]
[SourceVersion "1"]
[SourceVersionDate "2015.12.18"]
[SourceQuality "1"]

1. e4 c5 2. Nf3 e6 3. d4 cxd4 4. Nxd4 a6 5. Nc3 Qc7 6. Be2 Nf6 7. 0-0 b5 8. e5 Qxe5 9. Bf3 d5 10. Re1 Qd6 11. Nf5 Qd8 12. Nxd5 Nxd5 13. Qxd5 Qxd5 14. Bxd5 Ra7 15. Bf4 Nd7 16. Bf3 g6 17. Nd4 Bb7 18. Nc6 Bxc6 19. Bxc6 Bc5 20. Be5 Rg8 21. Bb8 Ke7 22. Bxa7 Bxa7 23. Bxd7 Kxd7 24. Rad1+ Ke7 25. Rd2 Rc8 26. Red1 Rc7 27. c3 Bc5 28. a3 a5 29. b4 axb4 30. cxb4 Ba7 31. Kf1 Bb8 32. h3 Kf6 33. Rd8 Rb7 34. Rc1 Ba7 35. Rdc8 Bd4 36. R8c7 Rb8 37. Rc8 Rb6 38. R1c6 Rb7 39. R6c7 Rb6 40. Rd7 e5 41. Rcc7 Ra6 42. Rxf7+ Kg5 43. g3 Rxa3 44. Rb7 h5 45. h4+ Kg4 46. Kg2 1-0

[Event "Toronto NAYCC U08"]
[Site "Toronto"]
[Date "2013.08.17"]
[Round "7"]
[White "Polavaram, Rithik S"]
[Black "Medina, Benjamin R"]
[Result "0-1"]
[WhiteElo "1562"]
[BlackElo "1606"]
[PlyCount "98"]
[EventDate "2013.08.14"]
[EventType "swiss"]
[EventRounds "9"]
[EventCountry "CAN"]
[SourceTitle "EXT 2022"]
[Source "ChessBase"]
[SourceDate "2021.10.06"]
[SourceVersion "1"]
[SourceVersionDate "2021.10.06"]
[SourceQuality "1"]

1. d4 Nf6 2. Bg5 g6 3. Bxf6 exf6 4. c4 Bg7 5. Nc3 0-0 6. Nf3 d6 7. e3 Nd7 8. Bd3 c5 9. 0-0 f5 10. Nb5 Nf6 11. dxc5 dxc5 12. Bc2 b6 13. Nc3 Bb7 14. Bd3 Qe7 15. Be2 Rfd8 16. Qc2 Ne4 17. Na4 Ng5 18. Nd2 Qc7 19. Nc3 a6 20. Rad1 Rd7 21. h4 Ne6 22. Bf3 Bxf3 23. Nxf3 Rad8 24. Rxd7 Rxd7 25. Rd1 Rxd1+ 26. Qxd1 Bxc3 27. bxc3 f4 28. exf4 Qxf4 29. Qd7 Qxc4 30. Ng5 Nxg5 31. Qd8+ Kg7 32. hxg5 Qxc3 33. Qxb6 Qc1+ 34. Kh2 Qxg5 35. Qxa6 Qf4+ 36. Kg1 c4 37. Qa5 Qd4 38. Qa4 Qa1+ 39. Kh2 Qe5+ 40. Kg1 Qe1+ 41. Kh2 Qe5+ 42. Kg1 c3 43. Qc4 Qe1+ 44. Kh2 Qd2 45. f4 c2 46. Qc7 c1Q 47. Qe5+ f6 48. Qe7+ Kh6 49. Qf8+ Kh5 0-1

[Event "Toronto NAYCC U08"]
[Site "Toronto"]
[Date "2013.08.16"]
[Round "4"]
[White "Medina, Benjamin R"]
[Black "Hung, Daniel1111"]
[Result "1-0"]
[WhiteElo "1606"]
[BlackElo "1598"]
[PlyCount "111"]
[EventDate "2013.08.14"]
[EventType "swiss"]
[EventRounds "9"]
[EventCountry "CAN"]
[SourceTitle "EXT 2022"]
[Source "ChessBase"]
[SourceDate "2021.10.06"]
[SourceVersion "1"]
[SourceVersionDate "2021.10.06"]
[SourceQuality "1"]

1. e4 e6 2. d4 b6 3. Bd3 Bb7 4. Nf3 d5 5. e5 c5 6. c3 Nc6 7. Be3 c4 8. Bc2 b5 9. a3 a5 10. Qd2 Nge7 11. 0-0 Nc8 12. Qe2 Be7 13. h3 Nb6 14. Nh2 Qc7 15. f4 g6 16. Bf2 h5 17. Qe1 Kd7 18. Bh4 b4 19. Bxe7 Kxe7 20. Qh4+ Kd7 21. Qf6 Rhf8 22. Qg7 b3 23. Bxg6 Qd8 24. Bxh5 Na4 25. Rf2 Qh4 26. Ng4 Kc7 27. Nf6 Nxb2 28. Bxf7 Kb6 29. Nd7+ Ka6 30. Nxf8 Nd3 31. Rf3 b2 32. Ra2 Qe1+ 33. Rf1 Qe3+ 34. Kh2 Rxf8 35. Qxf8 Nxd4 36. cxd4 Qxd4 37. Qd6+ Ka7 38. Qc7 Nxf4 39. Rxb2 Qxb2 40. Rxf4 Qxb1 41. Bxe6 d4 42. Qxa5+ Ba6 43. Rf7+ Qb7 44. Rxb7+ Kxb7 45. Bc8+ Kxc8 46. Qxa6+ Kd7 47. Qxc4 Ke8 48. Qxd4 Ke7 49. Qd6+ Ke8 50. a4 Kf7 51. a5 Ke8 52. a6 Kf7 53. a7 Kg8 54. a8Q+ Kf7 55. Qb7+ Kg8 56. Qdb8# 1-0